Grammaire De L`arabe Classique (Record no. 652)
[ view plain ]
| 000 -LEADER | |
|---|---|
| fixed length control field | 00598nam a2200241 a 4500 |
| 020 ## - INTERNATIONAL STANDARD BOOK NUMBER | |
| ISBN | |
| 082 00 - DEWEY DECIMAL CLASSIFICATION NUMBER | |
| Classification number | 492.782441 |
| Author Cutter | GAU |
| 100 ## - MAIN ENTRY--AUTHOR NAME | |
| Author name | Gaudefroy, M Demombynes |
| 245 ## - TITLE STATEMENT | |
| Title | Grammaire De L`arabe Classique |
| 260 ## - PUBLICATION, DISTRIBUTION, ETC. (IMPRINT) | |
| Place of publication | Paris |
| Name of publisher | G P Maisonneuve & Co, |
| Year of publication | 1952 |
| 300 ## - PHYSICAL DESCRIPTION | |
| Number of Pages | 508p |
| 500 ## - GENERAL NOTE | |
| General note | includes index and biblioraphy |
| 505 2# - FORMATTED CONTENTS NOTE | |
| Formatted contents note | Index<br/><br/> |
| 650 ## - SUBJECT ADDED ENTRY--TOPICAL TERM | |
| Topical Term | French Grammar |
| 942 ## - ADDED ENTRY ELEMENTS (KOHA) | |
| Koha item type | Books |
| 700 1# - | |
| -- | Gaudefroy, M Demombynes |
| Collection code | Home library | Current library | Date acquired | Cost, normal purchase price | Full call number | Accession Number | Koha item type |
|---|---|---|---|---|---|---|---|
| Henry Martyn Institute Library | Henry Martyn Institute Library | 02/12/2008 | 100.00 | 492.782441 GAU | 00324 | Books |
